| 000 | 00602nam a2200229Ia 4500 | ||
|---|---|---|---|
| 008 | 141004s9999 xx 000 0 und d | ||
| 040 | _ca | ||
| 041 | _aEnglish | ||
| 082 | _a631.4 | ||
| 082 | _bJAL/LA | ||
| 100 | _aSK Jalota | ||
| 245 | _aLaboratory manual: Introductory soil physics and conservation | ||
| 245 | _cSK Jalota | ||
| 260 | _aLudhiana | ||
| 260 | _bPunjab agricultutural university | ||
| 260 | _c2007 | ||
| 300 | _a79 p. | ||
| 300 | _b28 cm | ||
| 501 | _aAL1-4 | ||
| 650 | _aSoil analysis | ||
| 942 | _cREF | ||
| 999 |
_c305779 _d305779 |
||